zpět

Detail výsledku týmu

Cabaret café bar, Olomouc

Datum a čas kvízu

21 Celkem bodů Celkový počet nahraných bodů na tomto kvízu bez doplňovacích otázek.
3. Pořadí na kvízu Konečné umístění týmu na tomto kvízu.

Zaznamenané odpovědi

# Otázka Odpověď Body Výsledky
1. Ve středu jsme si připomněli 3... Červený Hrádek 0
2. Nestává se příliš často, aby p... A$AP Rocky 1
3. Slovenská policie hledá čtyři... Afghánistán 1
4. Britská telekomunikační skupin... UPC 1
5. "Víte, jaký je rozdíl mezi zmr... Černá Hora 0
6. V tomto tématu se zaměříme jak... faraonský 0
7. Označení pro samici králíka do... ramlice 0
8. Tento druh kozy pochází ze stř... kašmír 1
9. Tato část trávicího ústrojí př... bachor 1
10. V poslední době je k vidění st... C 1